| 000 | 00645cam a2200217 4500500 | ||
|---|---|---|---|
| 005 | 20260329004131.0 | ||
| 041 | _afre | ||
| 042 | _adc | ||
| 100 | 1 | 0 |
_aDennehy, Myriam _eauthor |
| 245 | 0 | 0 | _aLes prophéties de Yuval Noah Harari |
| 260 | _c2018. | ||
| 500 | _a79 | ||
| 690 | _aFutur | ||
| 690 | _aIntelligence Artificielle | ||
| 690 | _aMachine | ||
| 690 | _aProspective | ||
| 690 | _aTechnologie | ||
| 690 | _aYuval Noah Harari | ||
| 786 | 0 | _nPhilosophie magazine | 123 | 10 | 2018-10-01 | p. 13-14 | 1951-1787 | |
| 856 | 4 | 1 | _uhttps://shs.cairn.info/magazine-philosophie-magazine-2018-10-page-13?lang=fr&redirect-ssocas=7080 |
| 999 |
_c1831052 _d1831052 |
||